| 000 | 00647cam a2200229 4500 | ||
|---|---|---|---|
| 005 | 20260322212028.0 | ||
| 008 | data | ||
| 010 | _a 75140552 | ||
| 020 | _a0471517402 | ||
| 020 | _a9780471517405 | ||
| 050 | 0 |
_aBF698.4 _b.L34 |
|
| 090 | _aBF 698 L296p 1971 | ||
| 100 | 1 |
_aLanyon, Richard I., _d1937- |
|
| 245 | 1 | 0 |
_aPersonality assessment/ _cRichard I. Lanyon & Leonard David Goodstein. |
| 260 | 0 |
_aNew York, _bWiley _c[1971] |
|
| 300 |
_axii, 267 p. _billus. _c24 cm. |
||
| 504 | _aBibliography: p. [225]-248. | ||
| 590 | _aBibliography: p. [225]-248. | ||
| 650 | 0 | _aPersonality assessment. | |
| 700 | 1 | _aGoodstein, Leonard David. | |
| 001 | data | ||
| 999 |
_c633 _d633 |
||